| 000 | 00344nam a22001457a 4500 | ||
|---|---|---|---|
| 003 | SGT | ||
| 020 | _a978-81-372-3526-5 | ||
| 082 |
_a610.7368 _bP18S |
||
| 100 | _aSTUART, GAIL W. | ||
| 245 | _aPRINCIPLES & PRACTICE OF PSYCHIATRIC NURSING | ||
| 260 |
_aINDIA _bELSEVIER _c2018 |
||
| 300 | _a816 | ||
| 650 | _aPSYCHIATRIC | ||
| 942 |
_2ddc _cBK |
||
| 999 |
_c16524 _d16524 |
||